Responses for Show #5417 - Tuesday, March 11, 2008

Contestants

[<< previous game]

Phil Hornbostel, a physician from Sedalia, Missouri

Jason Kaczor, an insurance specialist from Syracuse, New York

Jeff Harmon, a public defender from Dunlap, Tennessee (whose 2-day cash winnings total $44,600)

[next game >>]

Jeopardy! Round responses

BATTLE STATIONS
TV NEIGHBORS
(Alex: We'll give you the TV neighbors, you identify the show.)
THAT WORD'S FOREIGN TO ME
WOMEN WRITERS
BRITISH TIDBITS
DRINK UP!
    $200 11
Nelson

Jeff
    $200 1
The Flintstones

Jeff
    $200 15
pajamas

Jason
    $200 26
Harriet Beecher Stowe

Phil
    $200 6
Charles Dickens

Phil
    $200 21
rum

Jeff
    $400 12
Alexander the Great

Jeff
    $400 2
The Simpsons

Jeff
    $400 16
admiral

Phil
    $400 27
Anne Rice

Jason
    $400 7
Princess Anne

Phil
    $400 22
a bloody mary

Jason
    $2,500 13
Tippecanoe

Jeff
    $600 3
Bewitched

Jeff
    $600 18
etching

Phil
    $600 28
Auschwitz

Phil
    $600 8
Noel Coward

Jeff
    $600 23
wine coolers

Jeff
    $800 14
Hannibal

Jason
    $800 4
Three's Company

Jason
    $800 19
resume

Jason
    $800 29
Agatha Christie

Jeff
    $800 9
Victoria

Jeff
    $800 24
mescal

Triple Stumper
    $1000 17
(Jason: What is Agincourt?)

The Battle of Crecy

Jason
Triple Stumper
    $1000 5
(Jason: What is Home Improvement?)

Dennis the Menace

JasonPhil
    $1000 20
honcho

Triple Stumper
    $1000 30
Joan Didion

Triple Stumper
    $1000 10
Lady Astor

Triple Stumper
    $1000 25
apples

Jason

Scores at the first commercial break (after clue 15):

Jeff Jason Phil
$5,700 $800 $1,600

Scores at the end of the Jeopardy! Round:

Jeff Jason Phil
$7,300 $2,400 $3,400

Double Jeopardy! Round responses

"D" IN SCIENCE
QUOTES FROM BRUCE WILLIS MOVIES
STATE THE STATE
WEB SLINGERS
UNFINISHED OPERAS
3-LETTER WORDS
    $400 1
dry ice

Jason
    $400 6
Look Who's Talking

Jason
    $400 11
Kentucky

Jeff
    $400 21
Google

Jeff
    $400 26
Moses

Jason
    $400 16
kin

Jeff
    $800 2
the deltoid

Phil
    $800 7
(Phil: What is [Exhales loudly and long]...)
(Alex: Sorry, that is wrong.)
[Laughter]
...
(Alex: It is not "[Exhales, sounds like he is choking]". I can't even do it.)
[Laughter]

The Sixth Sense

Phil
Triple Stumper
    $800 12
(2 of) Colorado & New Mexico (or Arizona & Utah)

Phil
    $800 22
a domain

Jeff
    $800 27
Cairo

Triple Stumper
    $800 17
ape

Jason
    $1200 3
doldrums

Jason
    $1200 8
The Siege

Triple Stumper
    $1200 13
Texas

Phil
    $1200 23
Facebook

Jason
    $100 28
(Jason: Who is Wagner?)

Edvard Grieg

Jason
    $1200 18
cud

Jeff
    $1600 4
Deimos

Jason
    $1600 9
Armageddon

Jeff
    $1600 14
(Phil: What is New Jersey?)

Massachusetts

JasonPhil
    $1600 24
Flickr

Triple Stumper
    $1600 29
(Jeff: Who is Icarus?)

Chloe

Jeff
Triple Stumper
    $1600 19
Rex

Jason
    $2000 5
(Phil: What is dissolution?)
(Jason: What's dilution?)
...
(Alex: The correct response--what is [*]? [*]. Spreading equally.)
[Jason's response was initially ruled incorrect, but the ruling was reversed before the next Daily Double.]

diffusion (dilution accepted)

JasonPhil
    $2000 10
(Alex: I bet you if we had run movies from Die Hard--all movies in that series--you'd have gotten them.)

Twelve Monkeys

Triple Stumper
    $2000 15
(Jeff: What is Rhode Island?)

Connecticut

JeffPhil
    $2000 25
dot edu

Jason
    $2000 30
Twelfth Night

Triple Stumper
    $3,000 20
(Jason: [No response])

a war

Jason

Scores at the end of the Double Jeopardy! Round:

Jeff Jason Phil
$8,500 $12,500 $3,800

[wagering suggestions for these scores]

Final Jeopardy! Round responses

SCIENCE FICTION
PhilWhat is the 7% Solution
$3,799
JeffWhat was [Tarzan scribbled out]?
$4,600
JasonWhat is ?
$4,501
The Lost World

Final scores:

Jeff Jason Phil
$3,900 $7,999 $1
2nd place: $2,000 New champion: $7,999 3rd place: $1,000

Game dynamics:

Coryat scores:

Jeff Jason Phil
$6,600 $15,600 $3,800
17 R
(including 1 DD),
2 W
18 R,
4 W
(including 2 DDs)
11 R,
3 W

Combined Coryat: $26,000

[game clues] [game scores] [suggest correction]

Game tape date: 2007-11-27
The J! Archive is created by fans, for fans. Scraping, republication, monetization, and malicious use prohibited; this site may use cookies and collect identifying information. See terms. The Jeopardy! game show and all elements thereof, including but not limited to copyright and trademark thereto, are the property of Jeopardy Productions, Inc. and are protected under law. This website is not affiliated with, sponsored by, or operated by Jeopardy Productions, Inc. Join the discussion at JBoard.tv.